000 01105nam0a22002651 4500
001 RU\NLR\INFOCOMM_190\5000045387
005 20250613093457.0
035 _a(NLR Aleph) 009203584
090 _a8705200
_c8705200
100 _a20100430d1986 |||y0rusy50 ca
101 1 _acze
_crus
102 _aRU
105 _aa ||||000|y
200 1 _aČlověk socialistického světa
_e[Příspěvky do soutěže požádané při příležitosti 40. výročí vítězství nad německým fašismem a 40. výročí vzniku světové social. soustavy]
_fUspoř. Michail Antipov
_g[Z ruštiny přel. L. Musil]
210 _aΜ.
_cNakl-ví Tiskové agentury "Novosti"
_d1986
215 _a64 с.
_cил., портр.
_d19 см
300 _aНа обороте тит. л.: Человек социалистического мира: Сборник
606 _aСоциалистический образ жизни
_2nlr_sh1
686 _aC556.471
_2rubbk
702 1 _aAntipov
_bM.
_gMichail
_4220
801 1 _aRU
_bNLR
_c20100430
801 0 _aRU
_bNLR
_gPSBO
852 _aNLR
_jСл Чеш-2/9171
942 _cBOOK
980 _aNB